Normal view
MARC view
- BASITH K
Entry Personal Name
001 - CONTROL NUMBER
- control field: 3462
003 - CONTROL NUMBER IDENTIFIER
- control field: OSt
005 - DATE AND TIME OF LATEST TRANSACTION
- control field: 20180929124603.0
008 - FIXED-LENGTH DATA ELEMENTS
- fixed length control field: 180929|| aca||aabn | a|a d
040 ## - CATALOGING SOURCE
- Original cataloging agency: OSt
- Transcribing agency: OSt
100 ## - HEADING--PERSONAL NAME
- Personal name: BASITH K
670 ## - SOURCE DATA FOUND
- Source citation: Work cat.: (OSt)15165: BASITH K, Development of software for steady state drain spacing calculation
